[Event "Madrid-ch 2020-2021 - Semifinal"]
[Site "Madrid ESP"]
[Date "2021.05.06"]
[Round "2.6"]
[White "Tapia Sanchez, Jose Manuel"]
[Black "Ortega Ruiz, Jose Miguel"]
[Result "0-1"]
[WhiteElo "1750"]
[BlackElo "2253"]
[PlyCount "150"]
[EventDate "2021.05.05"]
[EventType "swiss"]
[EventRounds "9"]
[EventCountry "ESP"]
[SourceTitle "Ajedrez en Madrid"]
[Source "lmi"]
[SourceDate "2021.05.06"]
[SourceVersion "1"]
[SourceVersionDate "2021.05.15"]
[SourceQuality "1"]

1. e4 e5 2. Nf3 Nc6 3. Bb5 a6 4. Ba4 Nf6 5. d4 Nxe4 6. Qe2 b5 7. Nxe5 bxa4 8.
Nxc6 dxc6 9. Qxe4+ Qe7 10. Qxe7+ Bxe7 11. O-O Bf5 12. c3 O-O 13. Nd2 c5 14. Nf3
cxd4 15. Nxd4 Bd7 16. Bf4 c5 17. Nf3 Be6 18. Rfe1 h6 19. Nd2 g5 20. Bg3 Rfd8
21. Re2 Ra7 22. Rae1 Rad7 23. Nf3 Rd1 24. h4 Rxe1+ 25. Rxe1 g4 26. Ne5 Rd2 27.
b3 Rxa2 28. bxa4 Rxa4 29. Ng6 Bf6 30. Be5 Kg7 31. Nf4 Bxe5 32. Nxe6+ fxe6 33.
Rxe5 Rc4 34. Rxe6 a5 35. Ra6 a4 36. h5 g3 37. fxg3 Rxc3 38. Rxa4 Rxg3 39. Rc4
Rg5 40. g4 Kf6 41. Kf2 Rd5 42. Ke3 Kg5 43. Re4 Rd1 44. Rc4 Re1+ 45. Kf3 Re5 46.
Kf2 Kf6 47. Kf3 Kg5 48. Kf2 Rd5 49. Ke3 Kf6 50. Ke4 Ke6 51. Ra4 Rd6 52. Rc4 Rc6
53. g5 hxg5 54. h6 Rc7 55. h7 Rxh7 56. Rxc5 Rh4+ 57. Kf3 Kf6 58. Kg3 Rd4 59.
Ra5 Kg6 60. Ra6+ Kh5 61. Ra8 Rd3+ 62. Kh2 Rb3 63. Rh8+ Kg4 64. Rg8 Rb2+ 65. Kg1
Kh4 66. Ra8 Rb3 67. Ra4+ Kg3 68. Kf1 g4 69. Ra8 Rb1+ 70. Ke2 Kg2 71. Ra2 g3 72.
Rc2 Rb8 73. Ke3+ Kh3 74. Rc7 Re8+ 75. Kf3 Rf8+ 0-1

[Event "Madrid-ch 2020-2021 - Semifinal"]
[Site "Madrid ESP"]
[Date "2021.05.06"]
[Round "2.7"]
[White "Mkrtchyan, Levon"]
[Black "Rojas Pozo, Jose Luis"]
[Result "1-0"]
[WhiteElo "2230"]
[BlackElo "1875"]
[PlyCount "107"]
[EventDate "2021.05.05"]
[EventType "swiss"]
[EventRounds "9"]
[EventCountry "ESP"]
[SourceTitle "Ajedrez en Madrid"]
[Source "lmi"]
[SourceDate "2021.05.06"]
[SourceVersion "1"]
[SourceVersionDate "2021.05.15"]
[SourceQuality "1"]

1. e4 e5 2. Nf3 Nf6 3. Nc3 Nc6 4. d4 exd4 5. Nxd4 Bb4 6. Nxc6 bxc6 7. Bd3 d5 8.
exd5 cxd5 9. O-O O-O 10. Qf3 c6 11. Bg5 Bd6 12. h3 h6 13. Bh4 Rb8 14. Rab1 Rb4
15. Bxf6 Qxf6 16. Qxf6 gxf6 17. Ne2 c5 18. c3 Rb6 19. Ng3 Bxg3 20. fxg3 Ba6 21.
Rfd1 Bxd3 22. Rxd3 Rfb8 23. Rd2 a5 24. b3 Rd8 25. Rf1 Re6 26. Rf5 Red6 27. Kf2
Kg7 28. g4 c4 29. bxc4 dxc4 30. Rxd6 Rxd6 31. Ke2 Re6+ 32. Kd2 Rd6+ 33. Kc1 Re6
34. Rxa5 Re3 35. Kb2 Re2+ 36. Ka3 Rxg2 37. Kb4 Rh2 38. a4 Rxh3 39. Rc5 Rh1 40.
a5 Ra1 41. Kb5 Ra3 42. Rxc4 f5 43. a6 fxg4 44. Rxg4+ Kf6 45. Ra4 Rxc3 46. a7
Rc8 47. a8=Q Rxa8 48. Rxa8 Ke5 49. Kc4 Ke4 50. Rh8 f5 51. Rxh6 Ke3 52. Re6+ Kf3
53. Kd3 f4 54. Rf6 1-0

[Event "Madrid-ch 2020-2021 - Semifinal"]
[Site "Madrid ESP"]
[Date "2021.05.06"]
[Round "2.8"]
[White "Martinez Fernandez, Raul"]
[Black "Rodriguez Avila, Alvaro"]
[Result "1/2-1/2"]
[WhiteElo "2141"]
[BlackElo "1966"]
[PlyCount "115"]
[EventDate "2021.05.05"]
[EventType "swiss"]
[EventRounds "9"]
[EventCountry "ESP"]
[SourceTitle "Ajedrez en Madrid"]
[Source "lmi"]
[SourceDate "2021.05.06"]
[SourceVersion "1"]
[SourceVersionDate "2021.05.15"]
[SourceQuality "1"]

1. e4 c5 2. Nf3 g6 3. c3 Bg7 4. d4 cxd4 5. cxd4 d5 6. e5 Nc6 7. Bb5 Nh6 8. O-O
O-O 9. Nc3 Bg4 10. Be2 Nf5 11. Be3 e6 12. h3 Bxf3 13. Bxf3 f6 14. exf6 Qxf6 15.
g3 Nfxd4 16. Bg2 Nf3+ 17. Kh1 Qf7 18. Bc5 Nce5 19. Bxf8 Rxf8 20. Ne2 g5 21. Nd4
g4 22. hxg4 Nxd4 23. Qxd4 Qg6 24. g5 Rf5 25. Bh3 Rxg5 26. Kg2 Nc4 27. Qxa7 Qe4+
28. Kh2 Nd2 29. Qb8+ Bf8 30. Qf4 Nxf1+ 31. Rxf1 Qxf4 32. gxf4 Rg6 33. Rg1 Kf7
34. Rxg6 hxg6 35. Kg3 Kf6 36. Kf3 Bh6 37. Bf1 g5 38. fxg5+ Bxg5 39. Ke2 Bc1 40.
b3 e5 41. f3 Ke6 42. Bh3+ Kd6 43. Kd3 Kc5 44. Be6 b5 45. a4 bxa4 46. bxa4 Ba3
47. Bg8 Bb4 48. Bf7 Ba5 49. Bg8 Kd6 50. Bf7 Bc7 51. Bg8 Kc5 52. Bf7 d4 53. Bg6
Kb4 54. Be8 Bb6 55. Bd7 Kb3 56. Be8 Kb2 57. Bc6 Kc1 58. Bb7 1/2-1/2

[Event "Madrid-ch 2020-2021 - Semifinal"]
[Site "Madrid ESP"]
[Date "2021.05.06"]
[Round "2.9"]
[White "Rey Martinez, Jaime"]
[Black "Centeno Mendoza, Julio Stefano"]
[Result "1-0"]
[WhiteElo "1992"]
[BlackElo "2012"]
[PlyCount "65"]
[EventDate "2021.05.05"]
[EventType "swiss"]
[EventRounds "9"]
[EventCountry "ESP"]
[SourceTitle "Ajedrez en Madrid"]
[Source "lmi"]
[SourceDate "2021.05.06"]
[SourceVersion "1"]
[SourceVersionDate "2021.05.15"]
[SourceQuality "1"]

1. e4 Nf6 2. e5 Nd5 3. d4 d6 4. Nf3 Nc6 5. c4 Nb6 6. Nc3 Bg4 7. Be3 g6 8. exd6
cxd6 9. d5 Ne5 10. c5 dxc5 11. Nxe5 Bxd1 12. Bb5+ Nd7 13. Bxd7+ Qxd7 14. Nxd7
Kxd7 15. Rxd1 b6 16. h4 h5 17. Rh3 Bg7 18. Rf3 f5 19. Rg3 Rhg8 20. Bg5 Bd4 21.
Rd2 a6 22. Re2 Rae8 23. Re6 b5 24. Rxa6 Ra8 25. Re6 Rg7 26. Nxb5 Bxb2 27. Rge3
Rxa2 28. Rxe7+ Rxe7 29. Rxe7+ Kc8 30. d6 Ra1+ 31. Ke2 Bc1 32. f4 Ra2+ 33. Kd1
1-0

[Event "Madrid-ch 2020-2021 - Semifinal"]
[Site "Madrid ESP"]
[Date "2021.05.06"]
[Round "2.11"]
[White "Torres Rebolledo, Victor"]
[Black "Martinez-Conde Hernandez, Carlos"]
[Result "0-1"]
[WhiteElo "1937"]
[BlackElo "2104"]
[PlyCount "118"]
[EventDate "2021.05.05"]
[EventType "swiss"]
[EventRounds "9"]
[EventCountry "ESP"]
[SourceTitle "Ajedrez en Madrid"]
[Source "lmi"]
[SourceDate "2021.05.06"]
[SourceVersion "1"]
[SourceVersionDate "2021.05.15"]
[SourceQuality "1"]

1. d4 Nf6 2. c4 g6 3. Nc3 Bg7 4. e4 d6 5. Nf3 O-O 6. Be2 e5 7. dxe5 dxe5 8.
Qxd8 Rxd8 9. Bg5 Re8 10. Nd5 Nxd5 11. cxd5 c6 12. Bc4 cxd5 13. Bxd5 Nd7 14. Nd2
Nc5 15. O-O Be6 16. Be3 Bxd5 17. Bxc5 Be6 18. Be3 Rec8 19. Rfc1 f6 20. a3 Bf8
21. Kf1 Kf7 22. Ke2 b6 23. f3 Bd6 24. Kd1 Bd7 25. Nb1 Ba4+ 26. Ke1 Rxc1+ 27.
Bxc1 Bc5 28. Nc3 Bb3 29. Bd2 Rd8 30. Ne2 Bf2+ 31. Kxf2 Rxd2 32. Rc1 Rxb2 33.
Rc7+ Ke6 34. Ke3 Rc2 35. Rxa7 Bc4 36. Ng3 h5 37. Rb7 h4 38. Rxb6+ Ke7 39. f4
exf4+ 40. Kxf4 hxg3 41. hxg3 Rf2+ 42. Ke3 Rxg2 43. Kd4 Be6 44. e5 f5 45. Rb7+
Bd7 46. Kd5 Rd2+ 47. Kc5 Rd3 48. a4 Rxg3 49. a5 Ra3 50. Ra7 g5 51. Kd5 Rd3+ 52.
Kc4 Rd1 53. a6 Ke6 54. Rb7 Ra1 55. a7 f4 56. Kc5 f3 57. Rb4 Rxa7 58. Kd4 Ra4
59. Rxa4 Bxa4 0-1

[Event "Madrid-ch 2020-2021 - Semifinal"]
[Site "Madrid ESP"]
[Date "2021.05.06"]
[Round "2.12"]
[White "Neagu, Roberto Florin"]
[Black "Perez Diez, Victor"]
[Result "1/2-1/2"]
[WhiteElo "1881"]
[BlackElo "2000"]
[PlyCount "58"]
[EventDate "2021.05.05"]
[EventType "swiss"]
[EventRounds "9"]
[EventCountry "ESP"]
[SourceTitle "Ajedrez en Madrid"]
[Source "lmi"]
[SourceDate "2021.05.06"]
[SourceVersion "1"]
[SourceVersionDate "2021.05.15"]
[SourceQuality "1"]

1. c4 e5 2. Nc3 Nc6 3. Nf3 d6 4. d4 exd4 5. Nxd4 g6 6. Be3 Bg7 7. Nxc6 bxc6 8.
Bd4 Nf6 9. h3 O-O 10. Qd2 Re8 11. g3 c5 12. Bxf6 Qxf6 13. Bg2 Rb8 14. O-O Qd4
15. Rfd1 Qxd2 16. Rxd2 Bxc3 17. bxc3 Be6 18. f4 Bxc4 19. e4 f6 20. h4 Rb6 21.
h5 Reb8 22. h6 Rb1+ 23. Rxb1 Rxb1+ 24. Kh2 Kf7 25. g4 g5 26. fxg5 fxg5 27. e5
Ke7 28. exd6+ cxd6 29. Bd5 Bxd5 1/2-1/2

[Event "Madrid-ch 2020-2021 - Semifinal"]
[Site "Madrid ESP"]
[Date "2021.05.06"]
[Round "2.13"]
[White "Demerson Joly, Javier"]
[Black "Garcia Fernandez, Jesus"]
[Result "0-1"]
[WhiteElo "1959"]
[BlackElo "1803"]
[PlyCount "36"]
[EventDate "2021.05.05"]
[EventType "swiss"]
[EventRounds "9"]
[EventCountry "ESP"]
[SourceTitle "Ajedrez en Madrid"]
[Source "lmi"]
[SourceDate "2021.05.06"]
[SourceVersion "1"]
[SourceVersionDate "2021.05.15"]
[SourceQuality "1"]

1. c4 c6 2. e4 d5 3. exd5 cxd5 4. d4 Nf6 5. Nc3 g6 6. cxd5 Nxd5 7. Qb3 Nb6 8.
Nf3 Bg7 9. Bb5+ N8d7 10. a4 a5 11. O-O O-O 12. Bf4 Nf6 13. h3 Be6 14. Qd1 Nbd5
15. Be5 Nxc3 16. bxc3 Rc8 17. Rc1 Bh6 18. Rc2 Bb3 0-1

[Event "Madrid-ch 2020-2021 - Semifinal"]
[Site "Madrid ESP"]
[Date "2021.05.06"]
[Round "2.14"]
[White "Vukotic Jovsic, Dragan"]
[Black "Cabañas Bravo, Juan Andres"]
[Result "0-1"]
[WhiteElo "1859"]
[BlackElo "1948"]
[PlyCount "92"]
[EventDate "2021.05.05"]
[EventType "swiss"]
[EventRounds "9"]
[EventCountry "ESP"]
[SourceTitle "Ajedrez en Madrid"]
[Source "lmi"]
[SourceDate "2021.05.06"]
[SourceVersion "1"]
[SourceVersionDate "2021.05.15"]
[SourceQuality "1"]

1. Nf3 Nf6 2. d4 c5 3. c3 g6 4. dxc5 Bg7 5. Nbd2 a5 6. e4 Na6 7. Bc4 O-O 8. Qe2
Qc7 9. h3 Nxc5 10. e5 Nh5 11. Nb3 Ne6 12. g4 Nhf4 13. Qe4 f5 14. Qxf4 b5 15.
Bxe6+ dxe6 16. g5 Bb7 17. Nbd4 Kf7 18. Be3 Qc4 19. h4 Rfd8 20. h5 b4 21. Bd2
bxc3 22. Bxc3 Ba6 23. Qe3 a4 24. Rh4 Qf1+ 25. Kd2 Qxa1 26. Ne1 Qxa2 27. Nec2
Qd5 28. Nb4 Qxe5 29. Qxe5 Bxe5 30. Nbc6 Rd5 31. hxg6+ hxg6 32. Nxe5+ Rxe5 33.
f4 Rd5 34. Rh7+ Kg8 35. Rxe7 Bc4 36. Ke3 a3 37. Nc2 a2 38. Rg7+ Kf8 39. Rxg6
Rd3+ 40. Kf2 a1=Q 41. Nxa1 Rxa1 42. Bb4+ Ke8 43. Rg8+ Kd7 44. g6 Ra2 45. g7
Rxb2+ 46. Ke1 e5 0-1

[Event "Madrid-ch 2020-2021 - Semifinal"]
[Site "Madrid ESP"]
[Date "2021.05.07"]
[Round "3.1"]
[White "Rottenwohrer Suarez, Juan"]
[Black "Pindado Campos, Raul"]
[Result "1-0"]
[WhiteElo "2196"]
[BlackElo "2152"]
[PlyCount "129"]
[EventDate "2021.05.05"]
[EventType "swiss"]
[EventRounds "9"]
[EventCountry "ESP"]
[SourceTitle "Ajedrez en Madrid"]
[Source "lmi"]
[SourceDate "2021.05.06"]
[SourceVersion "1"]
[SourceVersionDate "2021.05.15"]
[SourceQuality "1"]

1. d4 d5 2. c4 e6 3. Nc3 Nf6 4. cxd5 exd5 5. Bg5 Be7 6. e3 c6 7. Bd3 Nbd7 8.
Nge2 O-O 9. O-O Re8 10. f3 Nf8 11. Bh4 Ng6 12. Bf2 Bd6 13. h3 c5 14. Qd2 cxd4
15. exd4 Bd7 16. Bxg6 hxg6 17. Bh4 Bc6 18. Nf4 Bc7 19. Rae1 Qd6 20. Bg3 Qd7 21.
Qf2 Bb6 22. Nd3 Qf5 23. Nc5 Nh5 24. Bd6 Nf4 25. Qd2 g5 26. b4 a6 27. a4 Red8
28. Re5 Qg6 29. Be7 Bxc5 30. Bxd8 Bd6 31. Bxg5 Bxe5 32. Bxf4 Bxf4 33. Qxf4 Qd3
34. Rc1 Rc8 35. Nxd5 Re8 36. Nb6 Rd8 37. Rc4 Bxa4 38. Rc7 Be8 39. d5 Qg6 40.
Rxb7 Bb5 41. Rb8 Rxb8 42. Qxb8+ Kh7 43. Nc8 Qb1+ 44. Kh2 Qxb4 45. Qe5 Qf8 46.
Ne7 g6 47. d6 Bd7 48. Nd5 Be6 49. Nf6+ Kh6 50. g4 g5 51. d7 Kg6 52. Ne4 Qe7 53.
Qf6+ Qxf6 54. Nxf6 Bxd7 55. Nxd7 a5 56. Nb6 Kf6 57. Kg3 Ke6 58. f4 f6 59. fxg5
fxg5 60. Kf3 Kf6 61. Ke4 Ke6 62. Kd4 Kf6 63. Kd5 Kf7 64. Ke5 Kg6 65. Ke6 1-0

[Event "Madrid-ch 2020-2021 - Semifinal"]
[Site "Madrid ESP"]
[Date "2021.05.07"]
[Round "3.2"]
[White "Bravo De La Vega, Alvaro"]
[Black "Mkrtchyan, Levon"]
[Result "0-1"]
[WhiteElo "1936"]
[BlackElo "2230"]
[PlyCount "106"]
[EventDate "2021.05.05"]
[EventType "swiss"]
[EventRounds "9"]
[EventCountry "ESP"]
[SourceTitle "Ajedrez en Madrid"]
[Source "lmi"]
[SourceDate "2021.05.06"]
[SourceVersion "1"]
[SourceVersionDate "2021.05.15"]
[SourceQuality "1"]

1. e4 e5 2. Nc3 Nc6 3. Bc4 Nf6 4. d3 d6 5. h3 Na5 6. Qf3 Nxc4 7. dxc4 Be6 8. b3
c6 9. Bg5 h6 10. Bxf6 Qxf6 11. O-O-O Be7 12. Qe2 Qg5+ 13. Kb2 Qxg2 14. Nf3 Qg6
15. Rhg1 Qf6 16. h4 g6 17. Qd3 O-O-O 18. Qe3 Kb8 19. Ne2 Rhg8 20. a4 g5 21.
hxg5 hxg5 22. a5 g4 23. Ne1 d5 24. cxd5 cxd5 25. exd5 Bxd5 26. Nc3 Bc6 27.
Rxd8+ Bxd8 28. Nd3 e4 29. Nb4 Bxa5 30. Nxc6+ bxc6 31. Qc5 Qxc3+ 32. Qxc3 Bxc3+
33. Kxc3 f5 34. Kd4 Re8 35. Ke3 Kc7 36. Kf4 Rf8 37. Rh1 Kb6 38. Rh7 a5 39. c3
Re8 40. b4 e3 41. bxa5+ Kxa5 42. fxe3 Re4+ 43. Kxf5 Rxe3 44. Kxg4 Rxc3 45. Rb7
Re3 46. Kf4 Re8 47. Rb3 c5 48. Kf3 c4 49. Re3 Rxe3+ 50. Kxe3 Kb4 51. Kd2 Kb3
52. Kc1 Kc3 53. Kb1 Kd2 0-1

[Event "Madrid-ch 2020-2021 - Semifinal"]
[Site "Madrid ESP"]
[Date "2021.05.07"]
[Round "3.3"]
[White "Ortega Ruiz, Jose Miguel"]
[Black "Perez Gonzalez, Daniel"]
[Result "1-0"]
[WhiteElo "2253"]
[BlackElo "2056"]
[PlyCount "115"]
[EventDate "2021.05.05"]
[EventType "swiss"]
[EventRounds "9"]
[EventCountry "ESP"]
[SourceTitle "Ajedrez en Madrid"]
[Source "lmi"]
[SourceDate "2021.05.06"]
[SourceVersion "1"]
[SourceVersionDate "2021.05.15"]
[SourceQuality "1"]

1. e4 c5 2. Nf3 d6 3. d4 cxd4 4. Nxd4 Nf6 5. Nc3 g6 6. Be2 Bg7 7. O-O O-O 8.
Be3 Nc6 9. Qd2 a6 10. Rad1 Ng4 11. Bxg4 Bxg4 12. f3 Bd7 13. Nd5 Ne5 14. b3 e6
15. Nf4 Rc8 16. Qb4 Qc7 17. c4 Rfd8 18. Nde2 b5 19. Qxd6 Qxd6 20. Rxd6 bxc4 21.
Rfd1 cxb3 22. axb3 Bf8 23. Rxa6 Bb5 24. Rxd8 Bxa6 25. Rxc8 Bxc8 26. Nc1 Ba6 27.
Kf2 Bb4 28. h4 h5 29. g3 Kf8 30. Na2 Bd6 31. Nc3 Nd3+ 32. Nxd3 Bxd3 33. Na4 Bc2
34. Bc5 Ke7 35. e5 Bxc5+ 36. Nxc5 Kd8 37. Ke3 Kc7 38. Kd2 Bf5 39. Kc3 Bh3 40.
Ne4 Bg2 41. Ng5 Kd7 42. Kd4 Ke7 43. b4 f5 44. Kc5 Kd7 45. b5 Bf1 46. b6 Ba6 47.
f4 Bb7 48. Nf7 Bd5 49. Nh8 Ke7 50. Nxg6+ Kf7 51. Kd6 Kxg6 52. Kc7 Kg7 53. b7
Bxb7 54. Kxb7 Kf7 55. Kc7 Ke7 56. Kc6 Ke8 57. Kd6 Kf7 58. Kd7 1-0

[Event "Madrid-ch 2020-2021 - Semifinal"]
[Site "Madrid ESP"]
[Date "2021.05.07"]
[Round "3.4"]
[White "Bustos Bernardo, Samuel"]
[Black "Rey Martinez, Jaime"]
[Result "0-1"]
[WhiteElo "2213"]
[BlackElo "1992"]
[PlyCount "180"]
[EventDate "2021.05.05"]
[EventType "swiss"]
[EventRounds "9"]
[EventCountry "ESP"]
[SourceTitle "Ajedrez en Madrid"]
[Source "lmi"]
[SourceDate "2021.05.06"]
[SourceVersion "1"]
[SourceVersionDate "2021.05.15"]
[SourceQuality "1"]

1. d4 d5 2. c4 dxc4 3. e3 Nf6 4. Bxc4 e6 5. Nf3 c5 6. O-O Nc6 7. Nc3 a6 8. a4
Be7 9. b3 cxd4 10. exd4 O-O 11. Bb2 Nb4 12. Ne5 b6 13. Qe2 Bb7 14. Rfe1 Nbd5
15. Nxd5 Nxd5 16. Qg4 Rc8 17. Rad1 Bf6 18. Bc1 b5 19. axb5 axb5 20. Bf1 Nc3 21.
Rd3 Bd5 22. Ba3 Be7 23. Rg3 g6 24. Bxe7 Qxe7 25. h4 Bxb3 26. Bxb5 Bc2 27. Ba6
Bf5 28. Qf4 Nd5 29. Qf3 Rc3 30. Nxg6 fxg6 31. Qxd5 Rxg3 32. fxg3 Qa3 33. Rxe6
Bxe6 34. Qxe6+ Kg7 35. Kh2 Rf6 36. Qd7+ Rf7 37. Qc6 Rf6 38. Qc7+ Rf7 39. Qe5+
Rf6 40. Bc4 Qd6 41. Qe4 Rf8 42. Be6 Rb8 43. d5 Rb4 44. Qe3 Rxh4+ 45. Kg1 Rc4
46. Qa7+ Qc7 47. Qa1+ Rc3 48. d6 Qc5+ 49. Kh2 Kh6 50. d7 Rd3 51. Qf6 Qd6 52.
Qf4+ Qxf4 53. gxf4 Kg7 54. Kg1 Kf6 55. Bg4 h5 56. Bh3 Rd2 57. Kf1 Ke7 58. Ke1
Rd4 59. g3 h4 60. gxh4 Rxf4 61. h5 gxh5 62. Ke2 Ra4 63. Kf3 Ra3+ 64. Kg2 Rd3
65. Bf5 Rd2+ 66. Kg3 Kf6 67. Bh3 Kg5 68. Be6 Rd3+ 69. Kg2 Kf4 70. Kh2 Rd6 71.
Kh3 Kg5 72. Kg3 Rd3+ 73. Kg2 Kf6 74. Bh3 Ke5 75. Kh2 Ke4 76. Be6 Kf4 77. Kg2
Ke5 78. Bh3 h4 79. Bg4 Kf6 80. Kh2 Rd6 81. Kh3 Kg5 82. Be6 Kf4 83. Kh2 Rd3 84.
Kg2 Rd2+ 85. Kf1 Kg3 86. Ke1 Rd6 87. Kf1 h3 88. Bf5 h2 89. Be4 Rxd7 90. Bc6
Rd1+ 0-1

[Event "Madrid-ch 2020-2021 - Semifinal"]
[Site "Madrid ESP"]
[Date "2021.05.07"]
[Round "3.5"]
[White "Rodriguez Avila, Alvaro"]
[Black "Quevedo Marin, Manuel"]
[Result "0-1"]
[WhiteElo "1966"]
[BlackElo "2201"]
[PlyCount "106"]
[EventDate "2021.05.05"]
[EventType "swiss"]
[EventRounds "9"]
[EventCountry "ESP"]
[SourceTitle "Ajedrez en Madrid"]
[Source "lmi"]
[SourceDate "2021.05.06"]
[SourceVersion "1"]
[SourceVersionDate "2021.05.15"]
[SourceQuality "1"]

1. e4 e5 2. Nf3 Nc6 3. Bb5 a6 4. Ba4 Nf6 5. O-O Nxe4 6. d4 Be7 7. Re1 b5 8. Bb3
d5 9. dxe5 Be6 10. c3 O-O 11. Nbd2 Nc5 12. Bc2 d4 13. cxd4 Nxd4 14. Nxd4 Qxd4
15. Nf3 Qxd1 16. Rxd1 Rad8 17. Be3 Rxd1+ 18. Rxd1 Na4 19. Nd4 Rd8 20. Nxe6
Rxd1+ 21. Bxd1 fxe6 22. Bxa4 bxa4 23. a3 h5 24. Kf1 Kf7 25. f4 Kg6 26. Ke2 Kf5
27. Kf3 h4 28. g4+ hxg3 29. hxg3 g5 30. Ba7 gxf4 31. gxf4 Bf8 32. Be3 Bh6 33.
Bd2 Bf8 34. Be1 Bh6 35. Bg3 Bf8 36. Bh2 Bc5 37. Bg3 Bd4 38. Be1 Bxb2 39. Bb4
Bc1 40. Ba5 c5 41. Bb6 Bxa3 42. Ke3 Bb4 43. Kd3 a3 44. Kc2 Kxf4 45. Bc7 Ke4 46.
Bd6 a5 47. Kb3 Kd3 48. Ka2 c4 49. Bc7 c3 50. Bd8 Kc2 51. Bg5 Kd1 52. Kb3 c2 53.
Ka2 c1=R 0-1

[Event "Madrid-ch 2020-2021 - Semifinal"]
[Site "Madrid ESP"]
[Date "2021.05.07"]
[Round "3.6"]
[White "De La Puerta Cresis, Javier"]
[Black "Fernandez Rosado, Roberto"]
[Result "1-0"]
[WhiteElo "2169"]
[BlackElo "2029"]
[PlyCount "129"]
[EventDate "2021.05.05"]
[EventType "swiss"]
[EventRounds "9"]
[EventCountry "ESP"]
[SourceTitle "Ajedrez en Madrid"]
[Source "lmi"]
[SourceDate "2021.05.06"]
[SourceVersion "1"]
[SourceVersionDate "2021.05.15"]
[SourceQuality "1"]

1. e4 e5 2. Nf3 Nc6 3. Bc4 Nf6 4. Ng5 d5 5. exd5 Na5 6. Bb5+ c6 7. dxc6 bxc6 8.
Bd3 Be7 9. O-O O-O 10. Re1 Qc7 11. Nc3 h6 12. Nf3 Bd6 13. Nh4 Bg4 14. Be2 Bd7
15. d3 Rad8 16. Be3 Rfe8 17. Ne4 Nxe4 18. dxe4 Be7 19. Nf3 Bf5 20. Qc1 Bxe4 21.
Nd2 Bg6 22. Nb3 Bd6 23. h3 Kh7 24. Qd2 Nxb3 25. axb3 Bc5 26. Qc3 Bxe3 27. Qxe3
Qb6 28. Qc3 c5 29. Ra6 Qb4 30. Rxa7 Qxc3 31. bxc3 Rd2 32. Rc7 Bxc2 33. Bc4 Rb8
34. Rxc5 Bxb3 35. Rb1 Rd1+ 36. Rxd1 Bxd1 37. Bxf7 e4 38. Re5 Rc8 39. c4 Bc2 40.
Bd5 g6 41. Re7+ Kh8 42. Kh2 Rc5 43. Re6 Kg7 44. Bxe4 Kf7 45. Rc6 Rxc6 46. Bxc6
Ke6 47. Kg3 Kd6 48. Bd5 Ke5 49. h4 Bf5 50. Kf3 g5 51. Kg3 Bd7 52. Bf3 Kd4 53.
Bg4 Bc6 54. hxg5 hxg5 55. Be6 Ke5 56. Bc8 Kf6 57. f3 Ba4 58. Kg4 Bc6 59. Bf5
Ba4 60. c5 Be8 61. Be4 Bd7+ 62. Kh5 Be8+ 63. Kh6 Bd7 64. c6 Bc8 65. g4 1-0

[Event "Madrid-ch 2020-2021 - Semifinal"]
[Site "Madrid ESP"]
[Date "2021.05.07"]
[Round "3.7"]
[White "Cabañas Bravo, Juan Andres"]
[Black "Martinez Fernandez, Raul"]
[Result "0-1"]
[WhiteElo "1948"]
[BlackElo "2141"]
[PlyCount "100"]
[EventDate "2021.05.05"]
[EventType "swiss"]
[EventRounds "9"]
[EventCountry "ESP"]
[SourceTitle "Ajedrez en Madrid"]
[Source "lmi"]
[SourceDate "2021.05.06"]
[SourceVersion "1"]
[SourceVersionDate "2021.05.15"]
[SourceQuality "1"]

1. e4 e5 2. d4 exd4 3. c3 d5 4. exd5 Qxd5 5. cxd4 Nc6 6. Nf3 Bg4 7. Be2 Bb4+ 8.
Nc3 Bxf3 9. Bxf3 Qc4 10. Bxc6+ bxc6 11. Qe2+ Qxe2+ 12. Kxe2 O-O-O 13. Kd3 c5
14. Ne2 cxd4 15. Kc4 c5 16. Rd1 Nf6 17. Bg5 Rhe8 18. Bxf6 gxf6 19. Nf4 d3 20.
Nxd3 Rd4+ 21. Kb3 Re2 22. Rac1 a5 23. a3 a4+ 24. Ka2 Bd2 25. Nxc5 Bxc1 26. Rxd4
Rxb2+ 27. Ka1 Rc2 28. Nd3 Bxa3 29. Rxa4 Bd6 30. h3 Rd2 31. Rc4+ Kb8 32. Rd4 Bc5
33. Rc4 Ba7 34. Nc5 Rxf2 35. Nd7+ Kb7 36. Rh4 Kc6 37. Nf8 Bc5 38. Nxh7 Kd5 39.
Rh5+ Kc4 40. g4 Kb3 41. Rf5 Re2 42. Rf1 Re8 43. Nxf6 Bd4+ 44. Kb1 Ra8 45. Rf3+
Bc3 46. Rxc3+ Kxc3 47. h4 Kd4 48. Kc2 Ke5 49. g5 Kf5 50. Kd3 Rh8 0-1

[Event "Madrid-ch 2020-2021 - Semifinal"]
[Site "Madrid ESP"]
[Date "2021.05.07"]
[Round "3.8"]
[White "Martinez-Conde Hernandez, Carlos"]
[Black "Garcia Fernandez, Jesus"]
[Result "1/2-1/2"]
[WhiteElo "2104"]
[BlackElo "1803"]
[PlyCount "149"]
[EventDate "2021.05.05"]
[EventType "swiss"]
[EventRounds "9"]
[EventCountry "ESP"]
[SourceTitle "Ajedrez en Madrid"]
[Source "lmi"]
[SourceDate "2021.05.06"]
[SourceVersion "1"]
[SourceVersionDate "2021.05.15"]
[SourceQuality "1"]

1. e4 c6 2. Nf3 d5 3. Nc3 Bg4 4. h3 Bxf3 5. Qxf3 e6 6. d4 dxe4 7. Qxe4 Nf6 8.
Qd3 Na6 9. a3 Qa5 10. Rb1 Nd5 11. Bd2 Rd8 12. Ne2 Qc7 13. g3 Bd6 14. Bg2 O-O
15. O-O Rfe8 16. c4 Nf6 17. Bg5 Be7 18. Qe3 h6 19. Bf4 Bd6 20. Be5 Nd7 21. f4
Nxe5 22. fxe5 Bf8 23. c5 Qd7 24. Rf4 Nc7 25. Rbf1 Re7 26. Qf2 Nd5 27. Bxd5 cxd5
28. Nc3 Rb8 29. a4 a6 30. a5 g6 31. g4 Bg7 32. Kg2 Rf8 33. h4 Qd8 34. b4 Qd7
35. g5 h5 36. Rb1 Ra8 37. Rb2 Qe8 38. Qf1 Qd7 39. Rf3 Bf8 40. Rbf2 Bg7 41. Qb1
Bf8 42. Ra2 Qe8 43. b5 Rc7 44. Raf2 Re7 45. Ra2 Rc7 46. bxa6 bxa6 47. Rb2 Qd7
48. Rb6 Kg7 49. Qf1 Qc8 50. Rf2 Kg8 51. Rfb2 Be7 52. Kh1 Bf8 53. Qb1 Kg7 54.
Kg2 Be7 55. Kf3 Qd8 56. Kf4 Qc8 57. Qd3 Bxc5 58. dxc5 Rxc5 59. Ne2 Rxa5 60. Rb7
Rc5 61. Kg3 a5 62. Qf3 Rc7 63. Qf6+ Kg8 64. R7b3 a4 65. Rf3 Raa7 66. Nf4 Rc3
67. Rbf2 Rxf3+ 68. Rxf3 a3 69. Nxg6 fxg6 70. Qxg6+ Rg7 71. Qxh5 a2 72. Ra3 a1=Q
73. Rxa1 Qc3+ 74. Kg2 Qxa1 75. Qe8+ 1/2-1/2

[Event "Madrid-ch 2020-2021 - Semifinal"]
[Site "Madrid ESP"]
[Date "2021.05.07"]
[Round "3.9"]
[White "Hernandez Ramos, David"]
[Black "Del Castillo Izquierdo, Jose"]
[Result "1-0"]
[WhiteElo "2101"]
[BlackElo "1728"]
[PlyCount "59"]
[EventDate "2021.05.05"]
[EventType "swiss"]
[EventRounds "9"]
[EventCountry "ESP"]
[SourceTitle "Ajedrez en Madrid"]
[Source "lmi"]
[SourceDate "2021.05.06"]
[SourceVersion "1"]
[SourceVersionDate "2021.05.15"]
[SourceQuality "1"]

1. Nf3 d5 2. b3 c5 3. e3 Nc6 4. Bb2 Nf6 5. Bb5 Qb6 6. Na3 Bf5 7. O-O e6 8. Ne5
a6 9. Bxc6+ bxc6 10. d3 Rd8 11. g4 Nxg4 12. Nxg4 h5 13. Ne5 f6 14. Nf3 e5 15.
Nh4 Bh3 16. Ng2 e4 17. f3 Rh6 18. dxe4 c4 19. Qe1 Rg6 20. Rf2 Bb4 21. c3 Bxa3
22. Bxa3 dxe4 23. Kh1 Bxg2+ 24. Rxg2 Rxg2 25. Kxg2 Qa5 26. Bb4 Qg5+ 27. Qg3
Rd2+ 28. Kh1 Qxe3 29. Re1 Qd3 30. Rxe4+ 1-0